Statistiques concernant Trouve ces DJs à l'aide des images 1

Cliquez ici pour prendre le quiz!

Statistiques générales

  • Ce quiz a été pris 76 fois
  • Le résultat moyen est 4 sur 10

Statistiques - réponses

Réponse% Correct
DJ Snake (DJ - Snake)
98%
David Guetta (Dave - Vide - Gay - Tas)
83%
Alesso (Ah - Laisse - Seau)
61%
Vinaï (Vin - Ail)
52%
Marshmello (Marche - Miel - Eau)
50%
Martin Garrix (Marre - Thym - Gare - Rixe)
39%
Afrojack (Afro - Jack)
25%
Don Diablo (Don - Dix - Hablo)
20%
KSHMR (Cache - Mie - RRRrrrrh)
8%
Charlotte De Witte (Char - Lotte - Dé - Huit)
3%

Distribution des résultats

Percentile par nombre de réponses

% des personnes avec chaque résultat

Votre développement - résultats

Vous n’avez pas pris ce quiz